Investigating cryptocurrencies: understanding extracting ans analyzing blockchain evidence. (Record no. 197028)

MARC details
000 -LEADER
fixed length control field 00542nam a2200157Ia 4500
008 - FIXED-LENGTH DATA ELEMENTS--GENERAL INFORMATION
fixed length control field 210716s2018 xx 000 0 und d
020 ## - INTERNATIONAL STANDARD BOOK NUMBER
International Standard Book Number 9788126577118
041 ## - LANGUAGE CODE
Language code of text/sound track or separate title eng
082 ## - DEWEY DECIMAL CLASSIFICATION NUMBER
Classification number 004.6912 FURN
100 ## - MAIN ENTRY--PERSONAL NAME
Personal name Furneaux, Nick.
245 ## - TITLE STATEMENT
Title Investigating cryptocurrencies: understanding extracting ans analyzing blockchain evidence.
Remainder of title Understanding extracting ans analyzing blockchain evidence.
250 ## - EDITION STATEMENT
Edition statement 1
260 ## - PUBLICATION, DISTRIBUTION, ETC.
Place of publication, distribution, etc. New Delhi
Name of publisher, distributor, etc. Wiley India Pvt Ltd
Date of publication, distribution, etc. 2018
300 ## - PHYSICAL DESCRIPTION
Extent xxxii,287
650 ## - SUBJECT ADDED ENTRY--TOPICAL TERM
Topical term or geographic name entry element Cryptography-Data encryption(005.82)
Holdings
Withdrawn status Lost status Damaged status Not for loan Collection code Home library Current library Source of acquisition Cost, normal purchase price Total Checkouts Full call number Barcode Date last seen Cost, replacement price Price effective from Koha item type
        MCA St Aloysius Institute of Management & Information Technology St Aloysius Institute of Management & Information Technology Knowledge World 899.00   004.6912 FURN MCA16543 07/21/2025 674.25 07/16/2021 Book